000 01281nam a2200337Ia 4500
001 ebr10124695
003 CaPaEBR
006 m u
007 cr cn|||||||||
008 030529s2004 enk sb 001 0 eng d
010 _z 2003055132
020 _z0511187300
020 _z0521821916 (hardback)
020 _z0521529239 (pbk.)
040 _aCaPaEBR
_cCaPaEBR
035 _a(OCoLC)80244846
050 1 4 _aQA268
_b.L564 2004eb
082 0 4 _a003/.54
_221
100 1 _aLing, San,
_d1964-
245 1 0 _aCoding theory
_h[electronic resource] :
_ba first course /
_cSan Ling, Chaoping Xing.
260 _aCambridge, UK ;
_aNew York :
_bCambridge University Press,
_c2004.
300 _axii, 222 p.
504 _aIncludes bibliographical references (p. 215-217) and index.
533 _aElectronic reproduction.
_bPalo Alto, Calif. :
_cebrary,
_d2009.
_nAvailable via World Wide Web.
_nAccess may be limited to ebrary affiliated libraries.
650 0 _aCoding theory.
650 0 _aData compression (Telecommunication)
655 7 _aElectronic books.
_2local
700 1 _aXing, Chaoping,
_d1963-
710 2 _aebrary, Inc.
856 4 0 _uhttp://site.ebrary.com/lib/rucke/Doc?id=10124695
_zAn electronic book accessible through the World Wide Web; click to view
999 _c109015
_d109015